000 00257nam a2200097Ia 4500
001 709273
005 20250826162543.0
008 250824s9999 xx 000 0 und d
245 0 _aPUDİNG POLİ KARIŞTIRIYOR
_cCHRISTINE NÖSTLINGER
260 _bTUDEM YAYINLARI
999 _c709273
_d709273